000 01634nam a2200445 c 4500
001 3457
003 ES-MaCES
005 20160629131847.0
008 950926s1995 lu ||| | fre d
020 _a9282703878 (Office des publications officielles des Communautés européennes)
020 _a2802901192 (Editions Delta)
035 _aCES19980034827m
040 _aES-MaCES
_bspa
_cES-MaCES
245 0 0 _aGuide de l'artisanat et de la petite entreprise dans l'Union européenne
_b: représentation, services officiels, politiques
260 _aLuxembourg
_bOffice des publications officielles des Communautés européennes ; Bruxelles : Editions Delta
_ccop. 1995
300 _a568 p.
_c31 cm
500 _aPrecede al tit.: Commission européenne
541 _cCompra
650 4 _apequeña empresa
_930173
650 4 _apequeña industria
_927636
650 4 _asector económico
_930015
650 4 _aMercado Unico Europeo
_930652
650 4 _acooperación económica
_929790
650 4 _apolítica comunitaria
_930776
650 4 _aorganización profesional
_928372
650 4 _aorganización institucional
_927196
650 4 _aformación profesional
_927394
650 4 _ainvestigación y desarrollo
_928273
650 4 _aEstado miembro
_926701
650 4 _aestudio de casos
_928846
650 4 _acuadros estadísticos
_928890
650 4 _aguía
_929262
653 1 0 _aEmpresa
650 4 _929020
_apaís de la UE
650 4 _926752
_aUE
710 2 _92014
_aComisión de las Comunidades Europeas
902 _aLIB Libro
942 _2CES
_cBK
_h0.0.
999 _c3457
_d3457